| 000 | 03355cam a22012374i 4500 | ||
|---|---|---|---|
| 003 | PE-LiUPU | ||
| 005 | 20250813185604.0 | ||
| 008 | 150706s r 000 0 d | ||
| 020 | _a9788492777471 | ||
| 035 | _a(Sirsi) i9788492777471 | ||
| 040 |
_aPE-LiUPU _bspa _cPE-LiUPU _erda |
||
| 049 | _aPRUA | ||
| 082 | 0 | 4 |
_a363.7 _bN29 _221 |
| 100 | 1 |
_aNavarro Rodríguez, Ma. Carmen, _eautor. |
|
| 245 | 1 | 0 |
_aSeguridad medioambiental / _cMa. Carmen Navarro Ridríguez, Magdalena Marrero Montelongo , M. Luisa Pita Toledo y Elena López Villarubia . |
| 264 | 1 |
_a[Las Palmas de Gran Canaria] : _bUniversidad de Las Palmas de Gran Canaria, Vicerrectorado de Ordenación Académica y Espacio Europeo de Educación Superior, _c2009. |
|
| 300 |
_a269 páginas : _bilustraciones ; _c30 centímetros |
||
| 336 |
_atext _2rdacontent |
||
| 337 |
_aunmediated _2rdamedia |
||
| 338 |
_avolume _2rdacarrier |
||
| 490 | 0 |
_aManuales docentes de seguridad y emergencias ; _v38 |
|
| 504 | _aIncluye bibliografía al final de cada capitulo. | ||
| 505 | 0 | _aGuía académica -- La seguridad medioambiental -- El aire -- El agua de consumo humano -- Aguas recreativas. Piscinas y playas -- El ruido -- Los residuos. | |
| 526 | _aP202 | ||
| 526 | _aP201 | ||
| 526 | _aP163 | ||
| 526 | _aP162 | ||
| 526 | _aP161 | ||
| 526 | _aP160 | ||
| 526 | _aP148 | ||
| 526 | _aP147 | ||
| 526 | _aP146 | ||
| 526 | _aP145 | ||
| 526 | _aP144 | ||
| 526 | _aP143 | ||
| 526 | _aP142 | ||
| 526 | _aP141 | ||
| 526 | _aP140 | ||
| 526 | _aP139 | ||
| 526 | _aP138 | ||
| 526 | _aP137 | ||
| 526 | _aP136 | ||
| 526 | _aP135 | ||
| 526 | _aP134 | ||
| 526 | _aP133 | ||
| 526 | _aP129 | ||
| 526 | _aP128 | ||
| 526 | _aP127 | ||
| 526 | _aP120 | ||
| 526 | _aP119 | ||
| 526 | _aP118 | ||
| 526 | _aP116 | ||
| 526 | _aP115 | ||
| 526 | _aP114 | ||
| 526 | _aP110 | ||
| 526 | _aP109 | ||
| 526 | _aP108 | ||
| 526 | _aP104 | ||
| 526 | _aP103 | ||
| 526 | _aP102 | ||
| 526 | _aP99 | ||
| 526 | _aP98 | ||
| 526 | _aP97 | ||
| 526 | _aP96 | ||
| 526 | _aP95 | ||
| 526 | _aP93 | ||
| 526 | _aP90 | ||
| 526 | _aP89 | ||
| 526 | _aP88 | ||
| 526 | _aP83 | ||
| 526 | _aP82 | ||
| 526 | _aP62 | ||
| 526 | _aP59 | ||
| 526 | _aP58 | ||
| 526 | _aP57 | ||
| 526 | _aP51 | ||
| 526 | _aP49 | ||
| 526 | _aP48 | ||
| 526 | _aP47 | ||
| 526 | _aP29 | ||
| 526 | _aP24 | ||
| 526 | _aP20 | ||
| 526 | _aP19 | ||
| 526 | _aP17 | ||
| 526 | _aP15 | ||
| 526 | _aP14 | ||
| 526 | _aP12 | ||
| 526 | _aP10 | ||
| 526 | _aP09 | ||
| 526 | _aP08 | ||
| 526 | _aP07 | ||
| 526 | _aP06 | ||
| 526 | _aP05 | ||
| 526 | _aP04 | ||
| 526 | _aP01 | ||
| 541 | _g030-0009815; | ||
| 650 | 0 | 4 |
_aSeguridad _xMedio ambiente. |
| 700 | 1 |
_aMarrero Montelongo, Magdalena, _eautor. |
|
| 700 | 1 |
_aPita Toledo, Ma. Luisa, _eautor. |
|
| 910 | _agl20110518 | ||
| 942 |
_2ddc _cBOOK |
||
| 949 |
_a363.7 N29 _wDEWEY _c1 _i62934 _lCCODEBUL1 _mBUL _p33.00 _r0 _sY _tBOOK _u2015-7-6 _xINGENIERIA _PP24 _0COMPRA _o.STAFF. Colección General |
||
| 994 |
_aC0 _bPEPRU |
||
| 596 | _a1 | ||
| 999 |
_a363.7 N29 _wDEWEY _c51961 _i62934 _d51961 _e2017-6-20 _f2021-11-9 _g7 _lCCODEBUL1 _mBUL _n1 _p33.00 _q1 _r0 _sY _tBOOK _u2015-7-6 _xINGENIERIA _PP24 _0COMPRA _o.STAFF. Colección General |
||
| 980 |
_81 _gALBERTO SANCHEZ Responsable de Automatización |
||